Louis Moreau Gottschalk /

Bibliographic Details
Main Author: Starr, S. Frederick
Format: Book
Language:English
Published: Urbana : University of Illinois Press, 2000.
Edition:1st Ill. pbk. ed.
Series:Music in American life.
Subjects:

MARC

Tag First Indicator Second Indicator Subfields
LEADER 00000pam a22000004a 4500
001 in00001551901
005 20151022061544.0
008 991201r20001995ilua b s001 0beng
010 |a  99088040  
020 |a 0252068769 (paper : alk. paper) 
035 |a (OCoLC)ocm42935800 
040 |a DLC  |c DLC  |d UtOrBLW 
042 |a pcc 
049 |a TXAM 
050 0 0 |a ML410.G68  |b S73 2000 
082 0 0 |a 780/.92  |a B  |2 21 
100 1 |a Starr, S. Frederick. 
240 1 0 |a Bamboula! 
245 1 0 |a Louis Moreau Gottschalk /  |c S. Frederick Starr. 
250 |a 1st Ill. pbk. ed. 
264 1 |a Urbana :  |b University of Illinois Press,  |c 2000. 
300 |a xii, 564 pages :  |b illustrations ;  |c 24 cm. 
336 |a text  |b txt  |2 rdacontent 
337 |a unmediated  |b n  |2 rdamedia 
338 |a volume  |b nc  |2 rdacarrier 
490 1 |a Music in American life 
500 |a Originally published: New York : Oxford University Press, 1995. 
504 |a Includes bibliographical references and index. 
600 1 0 |a Gottschalk, Louis Moreau,  |d 1829-1869. 
650 0 |a Composers  |z United States  |v Biography. 
650 0 |a Pianists  |z United States  |v Biography. 
830 0 |a Music in American life. 
994 |a E0  |b TXA 
948 |a cataloged  |b h  |c 2000/9/12  |d c  |e blrosas  |f 8:59:13 am 
999 |a MARS 
999 f f |s 5f57c082-024e-3341-8238-49de507c6d39  |i 288a15b7-2dbb-315b-a12e-343b6e9fa4cf  |t 0 
952 f f |p ric  |a Texas A&M University  |b Rellis Campus  |c Joint Library Facility  |d Remote Storage  |t 0  |e ML410.G68 S73 2000  |h Library of Congress classification  |i unmediated -- volume  |m A14825491053 
998 f f |a ML410.G68 S73 2000  |t 0  |l Remote Storage